Регионална библиотека "Любен Каравелов" - Русе

Техника на филма (Запис номер 418627)

MARC детайли
000 -Лидер
Контролно поле с фиксирана дължина nam a22 a 4500
003 - Код на организацията, давaща контролен номер
Контролно поле BLK
005 - Дата и час на последна редакция
Контролно поле 20210609080444.0
008 - Елементи от данни с фиксирана дължина
fixed length control field 210609b bu |||||r|||| 00| | bu d
040 ## - Източник на каталожния запис
Идентификатор на билиотеката - собственик на записа BLK
041 ## - Код за език
Код за езика на текст/звукозапис или на отделно заглавие Български
Код за езика КДБФ Български
080 ## - УДК
Текстов определител УДК Техническа обработка на кинофилмите - Монтаж, проби, контрол, изработване на копия от филми, отпечатване на надписи и др.
УДК код - определител по УДК 778.58
УДК - код + определител 778.58
100 ## - Редна дума - Автор
R(LIN) 366868
Автор Минков, Димитър Минков
Авторска отговорност първи автор
139 ## - Редно поле
Редна дума Минков, Димитър Минков
245 ## - Сведения за заглавието
Заглавие Техника на филма
Подзаглавни данни Общо опознаване с началата на филмовото производство
Редно поле (дума) Димитър Минков
260 ## - Област на издателските данни
9 (RLIN) 441842
Място на издаване, разпространение и проч. София
Име на издателя, разпространителя и проч. б. и.
Година на издаване 1938
Печатница София : АБВ
300 ## - Физическа характеристика
Страници 32 с.
Размери/Мащаб 19 см
380 ## - Жанр
Жанр Изкуство
650 #7 - Допълнително описание по предмет – тема
9 (RLIN) 158586
Основно описание – тема или топоним Кинотехника
852 ## - Местоположение
Форматна сигнатура Цб 7.185.15301
Фондова буква Хранилище
999 ## - СИСТЕМНИ КОНТРОЛНИ НОМЕРА
Koha biblionumber 418627
Koha biblioitemnumber 418627
942 ## - АРТИКУЛИ
Вид на библиотечния материал Книги
Скрит в OPAC Не
Периодичен библиозапис Да
944 ## - СЪЗДАВАНЕ И РЕДАКЦИЯ на ЗАПИСА
Създаване/Редакция Създаване
Дата на регистрацията/редакция 2021-06-09
Служител, извършил регистрацията/редакцията А.М.
Наличности
Код за отписване Код за изгубен артикул Източник на класификационната схема Код за повреда Коз за рестрикции Код за отдаване Артикулен № Име на библиотеката - собственик Име на библиотеката, в която се намира в момента Статус (Текущо местоположение) Дата на вписване в системата Местоположение - отдел Цена в лева Инвентарен номер Систематично азбучна сигнатура Баркод Цена в евро Служебен тип на артикула
  Не е изгубен Universal Decimal Classification Не е повреден само за читалня ползва се в читалня 836843 Регионална библиотека "Любен Каравелов" Русе Регионална библиотека "Любен Каравелов" Русе Хранилище 2021-06-15 Основен фонд - ползва се само за читалня 0.02 15301 Цб 7.185.15301 900000064365 0.01 Книги
Vip Innovations Ltd, Rousse, Bulgaria 2025